Tilastot visalle Sudan-visa

Klikkaa tästä pelataksesi tätä visaa!

Yleistilastot

  • Tätä visaa on pelattu 43 kertaa
  • Keskiarvotulos 18 / 21

Vastaustilastot

VihjeVastaus% Oikein
NaapurimaaEgypti
100%
Aavikko, joka käsittää
suurimman osan Sudanista
Sahara
100%
NaapurimaaEtiopia
97%
NaapurimaaEtelä-Sudan
97%
Pisin jokiNiili
97%
Hallitseva uskontoIslam
94%
Virallinen kieliEnglanti
94%
NaapurimaaEritrea
94%
NaapurimaaLibya
92%
Sudanilla on eniten tämänkaltaisia muinaisia
rakennelmia, jopa enemmän kuin sen
pohjoisella rajanaapurilla
Pyramidi
89%
Virallinen kieliArabia
89%
Meri, jonka rannalla Sudan sijaitseePunainenmeri
89%
NaapurimaaTšad
89%
NaapurimaaKeski-Afrikan tasavalta
86%
PääkaupunkiKhartum
78%
Sudanissa on tämän aavikkoeläimen
toiseksi suurin populaatio
Kameli
78%
Ylläolevan tärkeimmät sivujoetSininen Niili
67%
Ylläolevan tärkeimmät sivujoetValkoinen Niili
64%
Alue, jossa 2000-luvulla tapahtunutta
konfliktia on kutsuttu kansanmurhaksi
Darfur
61%
Pohjois-Sudanin historiallisen alueen nimiNubia
58%
Suurin kaupunki ylläolevan meren rannallaPort Sudan
56%

Tulosjakauma

Persentiili vastausten määrän mukaan

Jokaisen tuloksen saaneiden osuus

Tuloshistoriasi

Et ole pelannut tätä visaa